Music Quiz

Random Music or Song Quiz

According to Beatles Songs Quiz Stats

 Plays Quiz Updated Jul 24, 2017

Support Sporcle.
Go Orange.
Score 0/16 Timer 06:00
3 Plays Today
Question Answer Wrong Answers
In times of trouble, what kind of words does Mother Mary speak to me? Wisdom
90.2%
Encouragement
1.5%
Sympathy
1.8%
Affirmation
0.8%
When it's been a hard day's night, what should you be sleeping like? A log
89.3%
The dead
1.3%
A baby
2.3%
A lamb
1.4%
Yesterday, what seemed so far away? All my troubles
87%
All my sorrows
6.3%
All my shadows
0.6%
All my longings
0.5%
On Penny Lane, what do all the people stop and say? Hello
81.9%
Hey
7.2%
Hi
3.8%
Howdy
1.4%
What kind of eyeballs does old flat top have? Joo joo
80.2%
Joker
4.8%
Monkey
6.4%
Ono
2.7%
What is Father Mackenzie darning in the night when there's nobody there? His socks
80.1%
His pants
3.8%
His mittens
4.3%
His hat
5.9%
They say it's your birthday, what are we gonna have? A good time
78.7%
A fun time
4.6%
A great time
7.6%
A happy time
3.3%
When we're on a yellow submarine, what kind of life do we live? A life of ease
78%
A life of adventures
5.3%
A life of play
2.7%
A life of seas
8.2%
While my guitar gently weeps, what does the floor need? Sweeping
77.7%
Mopping
8.6%
Scrubbing
4.7%
Shining
3.2%
What kind of cup are words flowing like rain into? Paper
73.7%
Glass
6.7%
Plastic
10.4%
Clay
3.2%
What is easy with eyes closed? Living
73.5%
Misunderstanding
7.6%
Being
5.1%
Knowing
7.9%
For the benefit of Mr. Kite, on what will there be a show tonight? Trampoline
66%
Hopscotch
4.8%
Swings
11.9%
Monkey Bars
11.1%
When you're in a boat on the river, what kind of skies are there? Marmalade
55.6%
Tangerine
18.3%
Kaleidoscope
17.6%
Cellophane
2.9%
What does Mean Mr. Mustard do in the dark to save paper? Shave
53.4%
Eat
15.5%
Sleep
12.8%
Bathe
12.3%
What is Maxwell Edison majoring in? Medicine
53.2%
Pataphysical Science
14.7%
Physics
13.3%
Chemistry
12.7%
What does she promise me, and I believe her? The Earth
29.1%
The moon
23.4%
The stars
28.7%
The heavens
12.7%

You're not logged in!

Compare scores with friends on all Sporcle quizzes.
OR
Log In
Forgot?

From the Vault

5 Entertainment Fivesomes

by timschurz

Five fivesomes also gives us one really big twenty-fivesome.
Remove Ads.
Support Sporcle.
Get the best of Sporcle when you Go Orange. This ad-free experience offers more features, more stats, and more fun while also helping to support Sporcle. Thank you for becoming a member.

Show Comments

Extras

Top Quizzes Today


Score Distribution

Your Account Isn't Verified!

In order to create a playlist on Sporcle, you need to verify the email address you used during registration. Go to your Sporcle Settings to finish the process.

Report this User

Report this user for behavior that violates our Community Guidelines.

Details: